000 00684nam a2200265Ia 4500
005 20260121171235.0
008 008 260114s9999 xx 000 0 eng d
020 _a9783030211547
037 _aEBOOK
040 _aCRL
040 _beng
040 _cCRL
041 _2eng
041 _aeng
084 _qCRL
100 _aSamuel O. Idowu, René Schmidpeter, Liangrong Zu
_91073784
245 4 _aThe Future of the UN Sustainable Development Goals
260 _bSpringer
260 _bSpringer
260 _c2020
856 _uhttps://link.springer.com/openurl?genre=book&isbn=978-3-030-21154-7
942 _cEBOOK
999 _c1639514
_d1639514